000 00251nam a2200109Ia 4500
008 240625s9999 xx 000 0 und d
041 _aeng
082 _a741.5954 LAX
100 _aSTEINER STEFAN H
245 _aSTATISTICAL ENGINEERING
260 _c2005
999 _c33223
_d33223